| 000 | 00839nam a22002295a 4500 | ||
|---|---|---|---|
| 003 | OSt | ||
| 005 | 20170502114847.0 | ||
| 008 | 170116s1986 le frb 000 0 ara d | ||
| 040 |
_aEG-ScBUE _bara _cEG-ScBUE _dEG-ScBUE |
||
| 082 | 0 | 4 |
_a349.297 _bد ر ا _222 |
| 100 | 1 | _aدرادكة، ياسين أحمد إبراهيم. | |
| 245 | 1 | 2 |
_aالميراث في الشريعة الإسلامية / _cتأليف ياسين أحمد إبراهيم درادكة. |
| 250 | _aط. 3. | ||
| 260 |
_aبيروت : _bمؤسسة الرسالة، _c1986. |
||
| 300 |
_a383 ص. ؛ _c24 سم. |
||
| 504 | _aيشتمل على إرجاعات ببليوجرافية. | ||
| 650 | 7 |
_aالمواريث (فقه إسلامي) _2BUEsh |
|
| 650 | 7 |
_aالمعاملات (فقه إسلامي) _2BUEsh |
|
| 651 | _2BUEsh | ||
| 653 |
_bLLAAWW _cMay2017 |
||
| 942 | _2ddc | ||
| 999 |
_c24758 _d24730 |
||